000 00724nas a2200229 4500
001 BR9901500
003 BR-BrBNA
005 20231205101329.0
007 ta
008 230509b bl.|||p| |||| 00| 00por d
040 _aBR-BrBNA
_bpor
_cBiblioteca Nacional de Agricultura
041 _a(Pt)
072 _aL70
100 1 _aPrado, J.A.
245 1 _aMetodos imunoenzimaticos e de biologia molecular aplicados ao diagnostico e controle das enfermidades infecciosa dos animais
650 _aVacina
650 _aImunologia
650 _aELISA
773 0 _tHora Veterinaria (Brazil)
_xISSN 0101-9163
_g(Nov-Dec 1999), v. 18(107) p. 65-70
_wBR9901500
909 _a202311
_bLúcia
_c55
_dLúcia Elande
942 _2AGRIS
_n0
_cANA
999 _c161178
_d161178